00740nam a2200205Ia 4500008004100000040001800041041000800059100004500067245012400112250001200236260005500248300001800303490004500321650003800366650002600404650002300430650002200453650002400475700003500499130821s1965 ag gr spa  aCo-BoUCMbspa00aspa1 aCervante Saavedra , Miguel Ded1547-161613aEl ingenioso hidalgo Don Quijote de la Mancha principales y más entretenidas aventurascMiguel de Cervantes Saavedra a6a. ed. aBuenos Aires (Argentina)bEditorial Kapeluszc1965 a312 páginas aGrandes Obras de la Literatura Universal04aCaballeros y caballeríavNovela04aLiteratura española04aLiteratura europea04aNovela española04aNovela fantástica aLacau, María Hortensiaedir.